000 00498nam a2200157 i 4500
001 81347
003 ES-MaACL
007 t|
008 041104s1973 sp ||||1| spa d
100 1 _aHuet, Marcel.
_964590
245 1 0 _aTratado de piscicultura /
_cMarcel Huet ; versión de F. Javier Benito Martínez.
260 _aMadrid :
_bMundi-Prensa,
_c1973.
300 _aXXX, 728 p., 30 lám. :
_bil. ;
_c24 cm.
700 1 _aBenito Martínez, F, Javier.
_927683
852 _aES-MaACL
_jE-7224
_bR.91753
999 _c81347
_d81347